|
|
|
|
| LEADER |
01126nam a2200337 4500 |
| 001 |
DLU200194432 |
| 005 |
##20200131 |
| 020 |
# |
# |
|a 8934994048507
|
| 040 |
# |
# |
|a DLU
|b vie
|
| 041 |
# |
# |
|a vie
|
| 044 |
# |
# |
|a vn
|
| 082 |
# |
# |
|a 891.7
|b Van
|
| 245 |
# |
# |
|a Văn học Nga trong nhà trường /
|c Hà Thị Hòa biên soạn và tuyển chọn.
|
| 250 |
# |
# |
|a Tái bản lần thứ hai.
|
| 260 |
# |
# |
|a H. :
|b Giáo dục Việt Nam,
|c 2011.
|
| 300 |
# |
# |
|a 248 tr. ;
|c 24 cm.
|
| 505 |
# |
# |
|a Phần thứ nhất. Cuộc đời và sự nghiệp của một số nhà văn -- Phần thứ hai. Phân tích và bình giảng tác phẩm -- Phần thứ ba. Văn bản tác phẩm (Một số bài thơ và trích đoạn).
|
| 650 |
# |
# |
|a Văn học Nga
|x Dạy và học.
|
| 650 |
# |
# |
|a Văn học Nga
|x Lịch sử và phê bình.
|
| 700 |
# |
# |
|a Hà Thị Hòa,
|e biên soạn và tuyển chọn.
|
| 923 |
# |
# |
|a 07/2019
|
| 991 |
# |
# |
|a GT
|
| 992 |
# |
# |
|a 36000
|
| 994 |
# |
# |
|a DLU
|
| 900 |
# |
# |
|a True
|
| 911 |
# |
# |
|a Nguyễn Thanh Hương
|
| 925 |
# |
# |
|a G
|
| 926 |
# |
# |
|a A
|
| 927 |
# |
# |
|a SH
|
| 980 |
# |
# |
|a Thư viện Trường Đại học Đà Lạt
|